| 000 | 005670000a22002050004500 | ||
|---|---|---|---|
| 003 | LK-CoMWRAF | ||
| 005 | 20231102122159.0 | ||
| 008 | 230817t ||||| |||| 00| 0 eng d | ||
| 040 |
_aLK-CoMWRAF _dLK-CoMWRAF _eLK-CoMWRAF |
||
| 041 | _aeng | ||
| 082 |
_a346.5 _bAGN |
||
| 100 | _aFlavia | ||
| 245 |
_aGive us this day our daily bread; _bProcedures and Case Law |
||
| 260 |
_bMajlis, _c1992 |
||
| 300 | _a170 p. : ill. ; 23 cm. | ||
| 490 | _aGender justice | ||
| 650 | _aSUPPORT(DOMESTIC RELATIONS)-India | ||
| 650 | _aDivorce settlements--India. | ||
| 942 | _cBK | ||
| 999 |
_c1720 _d1720 |
||